000 00384nam a2200145 4500
005 20250623124601.0
008 5
020 _a363131440X
050 _aBR1367
_b.K3 HOW
100 _aHOWELL M. ALLISON
245 _aTHE RELIGIOUS ITINERARY OF A GHANAIAN PEOPLE;
_bTHE KASENA AND THE CHRISTIAN GOSPEL
260 _aNEW YORK
_bPETER LANG
_cc1997
300 _axx, 413p
942 _2lcc
_cBK
_n0
999 _c6631
_d6631